000 01154naa a22003617a 4500
001 BR8105410
003 BR-BrBNA
005 20240918174845.0
007 ta
008 230509b bl.||||| |||| 00| 0 por d
040 _aBR-BrBNA
_bpor
_cBiblioteca Nacional de Agricultura
041 _a(Pt)
072 _aF00
_b1116
_bG514
_bGZ36
090 _aF00 BR8105410
100 1 _aAbramof, L.
100 1 _aGonzaga Neto, L.
100 1 _aDantas, A.P.
100 1 _aPedrosa, A.C.
100 1 _aSilva, H.M. e
245 1 _aMetodos e idade de enxertia para a goiabeira, Psidium guajava L. [Vale do Moxoto, Pernambuco, Brasil]
260 3 _aRecife, PE (Brasil):
_c1981.
500 _aAtuacao do IPA no ambito do POLONORDESTE Recife, PE (Brasil): 1981. v. 3 p. 639-644 (BR8105410-AM)F00
650 _aGOIABA
650 _aENXERTO
650 _aPORTA ENXERTO
650 _aBORBULHIA
650 _aGARFAGEM
650 _aVALE DO MOXOTO
650 _aPERNAMBUCO
773 0 _tAtuacao do IPA no ambito do POLONORDESTE
_wF00 BR8105410
_gRecife, PE (Brasil), 1981. v. 3 p. 639-644
909 _a202404
_bLucia
_c55
_dLucia Elande
942 _cAM
_2AGRIS
999 _c314040
_d314040